Kiểm toán cơ bản

Gespeichert in:
Bibliographische Detailangaben
1. Verfasser: Huỳnh,Tấn Dũng
Format: Sách
Sprache:Undetermined
Veröffentlicht: Đại học Công nghiệp TP. Hồ Chí Minh 2018
Schlagworte:
Online Zugang:https://opac.iuh.edu.vn/TraCuuTaiLieuSo2XemChiTiet.aspx?Id=100906
Tags: Tag hinzufügen
Keine Tags, Fügen Sie den ersten Tag hinzu!
Thư viện lưu trữ: Trung tâm Thư viện - Trường Đại học Công nghiệp TP. Hồ Chí Minh
LEADER 00584nam a2200169Ia 4500
001 UIH_00235
008 230809s9999 xx 000 0 und d
082 |a 657.45 
100 |a Huỳnh,Tấn Dũng 
245 0 |a Kiểm toán cơ bản 
245 0 |c Huỳnh,Tấn Dũng 
260 |b Đại học Công nghiệp TP. Hồ Chí Minh 
260 |c 2018 
650 |a Kiểm toán; 
856 |u https://opac.iuh.edu.vn/TraCuuTaiLieuSo2XemChiTiet.aspx?Id=100906 
927 |a Sách 
980 |a Trung tâm Thư viện - Trường Đại học Công nghiệp TP. Hồ Chí Minh